[Event "London Classic 11th"]
[Site "London"]
[Date "2019.12.07"]
[Round "2.2"]
[White "Ding, Liren"]
[Black "Vachier Lagrave, Maxime"]
[Result "1-0"]
[WhiteElo "2801"]
[BlackElo "2780"]
[Annotator "Edouard,R"]
[PlyCount "99"]
[EventDate "2019.12.02"]
[EventType "k.o."]
[EventRounds "2"]
[EventCountry "ENG"]
[SourceTitle "CBM 194"]
[Source "ChessBase"]
[SourceDate "2020.01.27"]
[SourceVersion "1"]
[SourceVersionDate "2020.01.27"]
[SourceQuality "1"]

1. c4 c5 2. g3 g6 3. Bg2 Bg7 4. Nc3 Nc6 5. Nf3 e5 6. O-O Nge7 7. d3 d6 8. a3 a5
9. Rb1 O-O 10. b3 $5 {An interesting try. The bishop will look awkward on b2,
but will prove useful when White plays f4, or to target some weaknesses on the
queenside as in the game. Other moves haven't brought much to White in
practice:} (10. Bd2 Rb8 $5 11. a4 (11. Ne1 Be6 12. Nc2 d5 13. cxd5 Nxd5 $11 {
½-½ (24) Amin,B (2709)-Areshchenko,A (2652) Muelheim 2019}) 11... Nb4 12. Nb5
d5 13. cxd5 Nexd5 14. Bc3 Re8 (14... Nc6 $5) 15. Nd2 b6 16. Nc4 Re6 17. Qb3 Nc7
$11 {0-1 (40) Kokarev,D (2624)-Ponkratov,P (2624) Khanty-Mansiysk RUS 2014}) (
10. Ne1 Be6 11. Nd5 (11. Nc2 d5 12. cxd5 Nxd5 13. Ne3 Nde7 14. Nc4 Rb8 15. Bg5
f6 16. Be3 b6 17. Qa4 Nd4 $15 {0-1 (30) Gledura,B (2630)-Grandelius,N (2694)
Skopje 2019}) 11... Rb8 12. Nxe7+ (12. Nc2 b5 13. Nce3 b4 14. axb4 axb4 $11 {
0-1 (39) Demidov,M (2514)-Bocharov,D (2557) Sochi 2018}) 12... Nxe7 (12... Qxe7
$5 13. Nc2 Qd7 14. b4 cxb4 15. axb4 b5 16. cxb5 Rxb5 17. Bd2 Rfb8 18. Na3 Rxb4
$1 19. Bxb4 axb4 $15 {0-1 (95) Hamitevici,V (2484)-Eljanov,P (2757) Novi Sad
2016}) 13. b4 axb4 14. axb4 cxb4 15. Rxb4 d5 16. Nc2 Qd7 $11 {½-½ (40)
Arkell,K (2453)-Melkumyan,H (2670) London 2018}) (10. Bg5 f6 11. Bd2 Be6 12.
Ne1 d5 13. cxd5 Nxd5 14. Qb3 Nc7 (14... a4 $5) 15. Qb6 $6 (15. Qxb7 Nd4 $44)
15... Nd4 16. Nf3 Ra6 17. Qxb7 Nxe2+ 18. Kh1 Nxc3 19. bxc3 Bd5 20. Qb2 Qa8 $17
{0-1 (59) Svidler,P (2745)-Giri,A (2755) Moscow 2016}) 10... Rb8 11. Bb2 h6 12.
Nd2 Be6 (12... Bg4 $5 $146 {might be a reasonable try, pushing White to play
h3, while the h3-pawn will shortly become a target for Black.}) 13. Nd5 b5 14.
e3 Qd7 15. Re1 {The most logical move: White wants to keep the light-squared
bishops alive.} (15. Qc2 $5 {makes sense anyway, as it seems that} Bh3 {
doesn't work:} 16. Ne4 Nxd5 17. Bxh3 Qxh3 18. cxd5 Ne7 19. Nxd6 Nxd5 (19...
Rfd8 20. Ne4 Nxd5 21. Qe2 $14) 20. Qxc5 Nf6 (20... Qe6 21. Rfc1 $14) 21. Qxe5
Rfd8 22. Ne4 $16 {½-½ (61) Ibrahimov,R (2518)-Tregubov,P (2575) Riyadh 2017})
15... Bg4 (15... f5 16. f4 {and suddenly we see what the white bishop is doing
on b2!}) 16. Qc2 Rfc8 (16... b4 $1 {should equalize in my opinion.} 17. Ra1 (
17. axb4 Nxd5 18. cxd5 Nxb4 $132) 17... Bh3 $5 18. Bh1 (18. Bxh3 Qxh3 19. Nxe7+
Nxe7 20. axb4 axb4 21. d4 exd4 22. exd4 Nc6 $11) 18... bxa3 19. Bxa3 (19. Rxa3
Nxd5 20. cxd5 Nb4 $132) 19... f5 20. Nxe7+ Nxe7 21. Bb2 Nc6 $13) (16... Be6 {
has been played in one game (though it actually came from 15...Bf5 16.Qc2). It
is quite interesting to wait and see what White is doing, but it remains a bit
worse for Black:} 17. f4 f5 $6 18. Nxe7+ Nxe7 19. cxb5 Qxb5 20. Bc3 $1 Nd5 21.
Ba1 Nb6 (21... Ne7 22. Nc4 $16) 22. fxe5 dxe5 23. a4 Qd7 24. Qxc5 Qxd3 25. Qxa5
Rfe8 26. Rbc1 $16 {1-0 (39) Lagarde,M (2655)-Saduakassova,D (2505) Sitges 2019}
) 17. Ne4 Nxd5 18. cxd5 Ne7 19. Nd2 Bh3 20. Bh1 (20. e4 $5 {is also a typical
move when Black goes for a light-squared bishops exchange. But Ding's move
makes Black's position even tougher to play.}) 20... Nf5 21. a4 $1 h5 22. axb5
Rxb5 23. Ra1 h4 24. Bc3 Ra8 25. Ra4 Qd8 26. Bf3 Rab8 27. Rea1 $5 Bh6 28. Re1 {
White got afraid of ...Nxe3 (for good reason) - the problem for Black is that
the two tempi lost by White do not change the position!} (28. Rxa5 hxg3 $5 (
28... Nxe3 $6 29. fxe3 Bxe3+ 30. Kh1 Rxa5 31. Bxa5 Qf6 32. Qd1 hxg3 33. Ne4 (
33. hxg3 $2 Qh8 $1 $19) 33... Qh4 34. Nxg3 $16) 29. hxg3 Rxa5 30. Bxa5 Nxe3 31.
fxe3 Bxe3+ 32. Kh2 Qf6 33. Kxh3 Bxd2 34. Qd1 (34. Kg2 e4 35. dxe4 Qxa1 36. Bxd2
c4 $1 37. Qxc4 Qa2 $13) 34... Ra8 35. Bc3 $1 (35. Bxd2 Rxa1 36. Qxa1 Qxf3 $11)
35... Qf5+ 36. Kg2 Rxa1 37. Bxa1 Qxd3 {and Black has drawing chances. Amazing
stuff!}) (28. Qc1 $5 {may have been a great move, with the idea} hxg3 (28...
Nxe3 $2 29. Rxh4 $1 $18) 29. hxg3 Nxe3 30. Rh4 $1 $18) 28... Qg5 $6 (28... Bg7
{might actually be the best move - to keep ...e3 ideas when White goes Qd1
with the idea of Qe2.}) 29. Ne4 Qd8 30. Ra3 $5 Ne7 31. Nd2 Nf5 32. Qd1 $1 Bg7
33. g4 $1 {It's time.} Nh6 34. Kh1 f5 35. gxf5 gxf5 36. Rg1 {The way Ding has
organized is piece is just a delight.} Qd7 (36... Ng4 37. Qe2 $16) 37. Qe2 Kh8
38. Ra4 $5 (38. e4 $5) 38... Rxb3 39. Rxh4 Rxc3 40. Rxh3 {It looks like Black
has counterplay on the queenside, but he's too slow!} a4 (40... Rc2 41. Qd1
Rbb2 42. Nc4 Ra2 43. Rg6 Kh7 44. Qg1 Rxf2 45. Rxd6 $18) 41. e4 $1 {Calm and
powerful.} Rc2 (41... a3 42. exf5 Qxf5 43. Rhg3 Qxd3 44. Rxg7 Qxe2 45. Bxe2 Rc1
46. Ra7 $18) (41... Rb2 42. Qf1 $3 Rxd2 (42... Qf7 43. Nc4 $18) 43. Qg2 Qf7 44.
Qg5 $18) 42. Rh5 $5 (42. exf5 $5 Qxf5 43. Rhg3 Rbb2 44. Rxg7 Rxd2 45. Qe3 Qf4
46. Qxf4 exf4 47. Be4 $18) 42... f4 43. Qd1 Rbb2 44. Nc4 a3 45. Bg4 Qd8 46.
Nxb2 Rxb2 47. Be6 a2 48. Rxg7 $1 Kxg7 (48... Rb1 49. Rg1 $3 Rxd1 50. Rxh6#) 49.
Qg1+ Kf8 50. Rf5+ {Just a superb game from Ding Liren!} 1-0

[Event "Moscow op-A"]
[Site "Moscow"]
[Date "2016.01.31"]
[Round "2"]
[White "Solovjev, Nikolay1"]
[Black "Gordievsky, Dmitry"]
[Result "0-1"]
[WhiteElo "2332"]
[BlackElo "2506"]
[Annotator "Fischer,J"]
[PlyCount "46"]
[EventDate "2016.01.30"]
[EventType "swiss"]
[EventRounds "9"]
[EventCountry "RUS"]
[SourceTitle "CBM 170 Extra"]
[Source "ChessBase"]
[SourceDate "2016.02.25"]
[SourceVersion "1"]
[SourceVersionDate "2016.02.25"]
[SourceQuality "1"]
[WhiteClock "0:10:59"]
[BlackClock "0:16:42"]

1. Nf3 c5 2. c4 g6 3. Nc3 Bg7 4. g3 Nc6 5. Bg2 Nh6 6. d4 Nxd4 7. Nxd4 cxd4 8.
Bxh6 Bxh6 9. Qxd4 O-O 10. h4 Bg7 11. Qd2 {An entertaining new move.} Rb8 ({
In a previous game Black played more carefully:} 11... d6 12. h5 Be6 13. hxg6
hxg6 14. b3 Rb8 15. Rc1 a6 16. Ne4 Bd7 17. Ng5 Bc6 18. Kf1 e6 19. Qf4 Qe7 20.
Rd1 Rfd8 21. Bxc6 bxc6 22. Rd3 d5 23. Rf3 f5 24. Qh4 Kf8 25. g4 dxc4 26. gxf5
gxf5 27. e4 Rd1+ 28. Kg2 Rxh1 29. Kxh1 cxb3 30. axb3 Rb5 31. Qh5 Qe8 32. Qh7
Qe7 33. Qg6 Kg8 34. Rh3 fxe4 35. Rh8+ {1-0 (35) Kjartansson,G (2446)-Fedorchuk,
S (2660) Legnica 2013}) 12. h5 b5 $5 {Black wants to exploit the strength of
his black-squared bishop and the fact that White's king feels a little
insecure. Objectively, Black should not get much but White soon loses control.}
13. hxg6 hxg6 14. cxb5 d6 15. a4 Bb7 16. e4 ({It was safer to exchange pieces
with} 16. Bxb7 Rxb7 {and now after} 17. Kf1 {Black still has to prove his
compensation.}) 16... a6 17. Bf1 e6 18. bxa6 {[#]White opens the b-file and
probably underestimated Black's possibilities.} Bxe4 $1 19. Nxe4 Rxb2 20. Qg5 {
White's queen has to prevent ...Qa5+. But now Black has a surprising tactical
shot:} Bc3+ $1 {Maybe White missed this possibility when he played 18.bxa6.}
21. Kd1 Qb6 {Black's attack is overwhelming.} 22. Ra3 Qd4+ 23. Kc1 Qxe4 0-1

[Event "Biel GM 48th"]
[Site "Biel"]
[Date "2015.07.29"]
[Round "9"]
[White "Navara, David"]
[Black "Vachier Lagrave, Maxime"]
[Result "0-1"]
[WhiteElo "2724"]
[BlackElo "2731"]
[Annotator "Ftacnik,L"]
[PlyCount "68"]
[EventDate "2015.07.20"]
[EventType "tourn"]
[EventRounds "10"]
[EventCountry "SUI"]
[EventCategory "19"]
[SourceTitle "CBM 168"]
[Source "ChessBase"]
[SourceDate "2015.09.14"]
[SourceVersion "1"]
[SourceVersionDate "2015.09.14"]
[SourceQuality "1"]

1. Nf3 c5 2. c4 Nc6 3. Nc3 e5 4. g3 g6 5. Bg2 Bg7 6. O-O Nge7 {This complex
opening sytem is becoming popular, as it perfectly fits the bill of creating
position full of life. In a strategically complicated scheme both players can
find lots of content and the better player will triumph.} 7. Ne1 a6 8. d3 Rb8
9. a4 d6 10. Nc2 O-O 11. Rb1 {Navara is hoping to be first player who manages
to push his b-pawn to b4 or b5. The most popular continuation is not the only
one, but is seems to be the most logical line. The alternative plan deserv a
mention is tied to the transfer of the second knight to d5 with 11.Ne3.} (11.
Nb1 a5 12. Ne3 Nb4 13. Nd5 {1/2 (13) Psakhis,L (2585)-Kupreichik,V (2535)
Leeuwarden 1993}) (11. Ne3 Bd7 (11... Nb4 12. Bd2 b6 (12... Be6 13. a5 f5 14.
Nc2 Nec6 15. Nd5 Bxd5 16. cxd5 Nxc2 17. Qxc2 Nd4 18. Qd1 Qe7 19. e3 Nb5 20. Qc2
Rbe8 21. Ra4 Qf7 22. Rc4 $11 {1-0 (40) Vukic,M (2450)-Bosiocic,M (2365) Rijeka
2005}) 13. Ncd5 (13. Ned5 Nbxd5 14. Nxd5 {1/2 (14) Peng,Z (2335)-Chiburdanidze,
M (2510) Jakarta 1993}) 13... Nbxd5 14. cxd5 Bb7 15. b4 Qd7 16. Qb3 Ba8 17.
Rac1 Rfd8 18. b5 axb5 19. axb5 Bb7 20. Nc2 Ra8 21. e3 Qe8 22. Na3 Qd7 23. Nc4
$14 {1-0 (35) Landa,K (2584)-Palliser,R (2413) Port Erin 2006}) (11... Nd4 12.
Ned5 Nxd5 13. Nxd5 Bg4 14. Re1 Be6 15. Bd2 a5 16. Bc3 Kh8 17. e3 Nc6 18. f4 Nb4
19. Kh1 Qd7 20. Qd2 Rfe8 $11 {1/2 (50) Ginzburg,M (2450)-Rodriguez,J (2395) La
Carlota 1995}) 12. Bd2 h5 13. Ned5 Nxd5 14. Nxd5 b5 15. axb5 axb5 16. b3 h4 17.
Ra6 h3 18. Bh1 bxc4 19. bxc4 Nd4 20. Ba5 Qg5 {0-1 (33) Diaz Hollemaert,N (2474)
-Fier,A (2570) Villa Martelli 2010} 21. Re1 $15) (11. Bd2 Nd4 12. Ne3 b5 13.
cxb5 axb5 14. axb5 Be6 15. Nc4 Nxb5 16. Nxb5 Rxb5 17. Qa4 Bd7 18. Qa3 Bc6 19.
Rfc1 Bxg2 20. Kxg2 d5 21. Ne3 Qd6 $15 {1/2 (76) Giorgadze,G-Fernandes,A (2485)
Ponferrada 1997}) (11. Bg5 h6 12. Bxe7 Nxe7 13. Ne3 Nc6 14. Ned5 Be6 15. e3 a5
16. Qd2 Nb4 17. Nb5 h5 18. Rad1 h4 19. b3 Bxd5 20. Bxd5 Nxd5 21. cxd5 f5 $11 {
1-0 (37) Vukic,M (2471)-Tadic,B (2427) Jahorina 2001}) 11... a5 {The radical
prevention of b2-b4 advance makes the split of the control of light/dark
square on the board even more prominent.} (11... Be6 12. Ne3 Nd4 13. Bd2 b5 14.
axb5 axb5 15. Nxb5 Nxb5 16. cxb5 Rxb5 17. b4 Qc7 18. bxc5 Qxc5 19. Qa4 Rfb8 20.
Rxb5 Qxb5 21. Qa3 $11 {0-1 (44) Van Wely,L (2445)-Polgar,J (2550) Wijk aan Zee
1990}) 12. Bg5 {The knights in the position with explicit strongholds on b4/b5
and d4/d5 squares have become rather precious. Black does not want to tolerate
the pin along the d8-h4 diagonal.} (12. f4 f5 13. Nd5 Nxd5 14. cxd5 Nb4 15. Ne3
Bd7 16. Nc4 Bxa4 17. Qxa4 b5 18. Qxa5 bxc4 19. Qxd8 Rfxd8 20. dxc4 e4 $15 {
1-0 (72) Onischuk,A (2610)-Miezis,N (2505) New York 1998}) (12. Ne3 Nb4 13. f4
(13. Ned5 Nexd5 14. Nxd5 Nxd5 {1/2 (14) Levin,F (2445)-Malisauskas,V (2495)
Groningen 1991}) (13. Bd2 Be6 14. Ncd5 f5 15. Nxe7+ Qxe7 16. Bxb4 axb4 17. Nd5
Qd8 18. e3 h5 19. h4 Bf7 20. f4 Re8 21. Kh2 Kh7 22. Qc2 exf4 23. exf4 Bxd5 24.
Bxd5 Qf6 $15 {1/2 (33) Tokarev,I (2288)-Voitsekhovsky,S (2549) Kazan 2012})
13... Be6 14. Ned5 Nexd5 15. cxd5 Bd7 16. Be3 Qe7 17. Qd2 Rbc8 18. fxe5 Bxe5
19. Bg5 f6 20. Bh6 Rf7 21. e3 f5 22. d4 Bg7 23. Bxg7 Kxg7 $11 {0-1 (40)
Rajkovic,D (2522)-Nestorovic,N (2436) Podgorica 2007}) (12. b3 Nb4 13. Nxb4
axb4 14. Nd5 Nc6 15. Bb2 Be6 16. e3 Qd7 17. Nb6 Qc7 18. Nd5 Qd7 19. f4 f5 20.
Qc2 Rbe8 $11 {1/2 (30) Konopka,M (2489)-Biolek,R (2454) Czechia 2005}) 12... f6
13. Bd2 f5 (13... Be6 14. Ne3 Qd7 15. Ncd5 b6 16. Bc3 Bh3 17. Qb3 Bxg2 18. Kxg2
h5 19. Qb5 Qb7 20. Kg1 Kh7 $11 {1-0 (44) Paunovic,D (2518)-Nagrocka,E (2473)
Yugoslavia 2002}) 14. f4 Be6 15. Nd5 Nb4 (15... b6 16. Na3 Nb4 17. Qb3 Qd7 18.
Rbe1 Kh8 19. Nb5 Bg8 20. Kh1 h6 21. fxe5 dxe5 22. e4 Nec6 $11 {1/2 (48)
Botvinnik,M-Bobotsov,M (2455) Tel Aviv 1964}) 16. fxe5 $6 {[%mdl 32] The Czech
player deserves credit for actively seeking ways of enlivening the position
with a timely opening. Unfortunately the pieces of Vachier will become too
active for comfort.} (16. Ncxb4 axb4 17. fxe5 Bxd5 18. cxd5 Bxe5 19. Bg5 Qd7
20. e4 $11) 16... Nbxd5 17. cxd5 Nxd5 18. exd6 Qxd6 19. Bxa5 $2 {Navara is
playing with a concept and thus he bravely eats the pawn on a5. His idea was
not to open the centre in order to start defending, even though it would have
objectively been the better approach.} (19. Qc1 Qd7 20. Bxa5 Qxa4 21. Qd2 Qd7
22. Bc3 Nxc3 23. bxc3 b5 $15) (19. Na3 Bd4+ 20. Kh1 Ne3 21. Bxe3 Bxe3 22. Nc4
Bxc4 23. dxc4 Qe5 24. Qd5+ Qxd5 25. Bxd5+ Kg7 26. Kg2 Rfe8 $15) 19... f4 $1 {
The compensation of the French grandmaster is in very dangerous kingside
activity. White will try hard to hold the position, but control of it is
slipping away from him.} 20. Qe1 (20. Bxd5 Bxd5 21. gxf4 Rxf4 22. Rxf4 Qxf4 23.
e4 Bb3 24. Bd2 Qc7 25. Be1 Qd7 $17) (20. Be1 Be5 21. Rf3 Rbd8 (21... Bg4 22. d4
cxd4 23. Rd3 Ne3 24. Nxe3 fxe3 $15) 22. Kh1 Bg4 $17) 20... Be5 $1 21. e4 fxe3
22. Bc3 Rxf1+ 23. Bxf1 (23. Qxf1 Bxc3 24. Bxd5 Bxd5 25. bxc3 Rf8 $19) 23... Re8
{The latest complications were definitely favourable for Black and White needs
to find the best defensive chance otherwise the position might collapse for
him.} (23... Bd7 24. d4 cxd4 25. Nxd4 Nxc3 26. bxc3 Bxd4 27. cxd4 Qxd4 28. Qb4
Qxb4 29. Rxb4 Rc8 30. Rc4 $15) 24. Na3 {The exchange of the bishops on e5
might be a paradoxical solution, but would have presented Black with a bigger
challenge to improve his position.} (24. Bxe5 $5 Qxe5 25. Bg2 Kg7 (25... h5 26.
Be4 Bf5 27. Nxe3 Bxe4 28. dxe4 Qxe4 29. Ng2 Qxa4 $15) 26. Be4 Bf5 27. Nxe3 Qd4
28. Bxd5 Rxe3 29. Qf2 Rxd3 $17) 24... Nxc3 25. bxc3 Bd5 26. Nc4 {Opposite
coloured bishops tend to be a strong factor in endgame types of positions.
Unfortunately for the defender the black e-pawn represents a formidable force.}
(26. Nb5 Qe6 27. Rb2 Kg7 28. Bg2 (28. Re2 $6 Bb8 $19) 28... Bxg2 29. Rxg2 Rd8
$17) 26... Bxc4 27. dxc4 Qd2 $1 28. Qe2 (28. Rd1 Qxe1 29. Rxe1 Bxc3 30. Re2 Bd2
$17) 28... Rf8 29. Rxb7 (29. Rd1 Qxe2 30. Bxe2 Rf2 31. Rd2 Bxc3 32. Rc2 Bd4 $19
) 29... Bxc3 30. Rb1 {The pawn can not be stopped any more so the fight is
over.} (30. Qxd2 exd2 31. Be2 Bd4+ 32. Kh1 Rf1+ $19) (30. Rb3 Qc1 $19) 30...
Qxe2 31. Bxe2 Rf2 32. Bd3 Rd2 33. Be4 e2 34. Kf2 (34. Bf3 Rb2 $19) 34... Ra2
0-1

[Event "Interpolis-02"]
[Site "Tilburg"]
[Date "1978.09.12"]
[Round "9"]
[White "Dzindzichashvili, Roman"]
[Black "Ribli, Zoltan"]
[Result "1-0"]
[WhiteElo "2550"]
[BlackElo "2585"]
[Annotator "Ftacnik,L"]
[PlyCount "83"]
[EventDate "1978.09.01"]
[EventType "tourn"]
[EventRounds "11"]
[EventCountry "NED"]
[EventCategory "14"]
[SourceTitle "MCL"]
[Source "ChessBase"]
[SourceDate "1999.07.01"]
[SourceVersion "1"]
[SourceVersionDate "1999.07.01"]
[SourceQuality "1"]

1. g3 g6 2. Bg2 Bg7 3. c4 c5 4. Nc3 Nc6 5. a3 (5. e3 e6 6. d4 d5) 5... a5 (5...
a6 6. Rb1 Rb8 7. b4 cxb4 8. axb4 b5 9. c5) (5... e6 6. b4 Nxb4 $1 (6... cxb4 7.
axb4 Nxb4 8. Ba3)) 6. d3 (6. e3) (6. Nf3) (6. Nh3 $5) 6... d6 7. Nf3 e5 {
/\ Nge7} (7... Nf6) 8. O-O Nge7 9. Ne1 O-O 10. Nc2 Be6 11. Rb1 $2 (11. Ne3 Qd7
12. Ned5 Rab8) 11... d5 $5 $36 12. b3 (12. cxd5 $5 Nxd5 13. Ne4 b6 14. Ng5 Bc8
15. Ne3 Nxe3 (15... Nde7 $5) 16. Bxe3 Bd7 $10 17. b4 $5) 12... h6 (12... d4 $2
13. Ne4 b6 14. b4) 13. e4 dxe4 14. Nxe4 $5 (14. dxe4 $15) 14... b6 15. Nc3 f5
$5 (15... Bf5 16. Be4 Bh3 17. Re1) (15... Ra7 $142 {(/\ 16...Rd7) e.g.} 16. Ne3
(16. b4 axb4 17. axb4 Rd7 18. Qe2 Rxd3 (18... Bf5 19. Be4 Bh3 20. Rd1 f5) 19.
Nd5 Rxd5 20. cxd5 Nxd5) 16... Rd7 17. Ncd5 Nxd5 18. Nxd5 Bxd5 19. Bxd5 Rxd5 20.
cxd5 Qxd5) 16. Ne3 (16. b4 $2 axb4 17. axb4 e4 $1) 16... Ra7 17. Ned5 Rd7 $15
18. Bb2 Kh7 19. Re1 Bf7 20. Ba1 Re8 21. Nxe7 Nxe7 22. Qc2 Rxd3 $5 23. Bd5 $1 (
23. Nd5 $2 e4) 23... Rxd5 24. cxd5 Nxd5 25. Rbd1 Qa8 26. Rd2 Re7 (26... Nxc3
27. Qxc3 Bd5 28. f4 Re7 29. fxe5 Be4 30. Red1 Bxe5 31. Qxe5 Rxe5 32. Rd7+ Kg8 (
32... Re7 33. Rxe7+ Kg8 34. Red7) 33. Bxe5 $18) 27. Red1 Nf6 $2 (27... Nxc3 28.
Bxc3 Qb7 29. b4 $5) (27... Nxc3 28. Qxc3 Qe8 {(/\ 29...Qb5)} 29. b4 cxb4 30.
axb4 a4) 28. Rd6 h5 $2 (28... Qb7 29. Na4 $1 Nd7 30. Qd2 Be8 (30... Be6 $2 31.
Rxe6) (30... Bxb3 31. Rxd7 Rxd7 32. Qxd7 Qxd7 33. Rxd7 Bxa4 34. Rb7) 31. Qd5
$16) (28... Qb7 29. Na4 Nd7 30. Qd3 Be8 31. Qd5 $142 (31. Qb5 e4 32. Bxg7 Kxg7
33. Nxb6 Ne5 34. Qxc5 Nf3+ 35. Kf1 (35. Kg2 e3 36. Qd5 e2 37. Qxf3 Bc6 38. Nd5
exd1=Q 39. Qxd1 Rd7) 35... e3 36. fxe3 Nxh2+ 37. Kg1 Nf3+ 38. Kf2 Ng5) 31...
Qb8) 29. Rxb6 h4 30. Qe2 h3 (30... e4) 31. Qf1 e4 32. Qxh3+ Nh5 33. Qh4 $1 Qa7
(33... Qe8 34. Rb8 $1) 34. Nb5 Rd7 $6 (34... Qxb6 35. Qxe7 Qxb5 36. Qxf7 e3 (
36... Qe2 37. Rd6) 37. Bxg7) 35. Nxa7 Rxd1+ 36. Kg2 e3 $5 (36... Bd5 37. Qg5 $1
) (36... Rxa1) 37. fxe3 Rxa1 38. Rd6 $1 Rxa3 39. Nc6 Rxb3 40. Nd8 Be8 41. Qe7
Rb2+ 42. Kg1 1-0